| 000 -ლიდერი |
| ფიქსირებული სიგრძის საკონტროლო ველი |
02239nam a22002777a 4500 |
| 003 - საკონტროლო ნომრის იდენტიფიკატორი |
| საკონტროლო ველი |
Ge_BSU |
| 005 - ბოლო ოპერაციის თარიღი და დრო |
| საკონტროლო ველი |
20240703163913.0 |
| 008 - ფიქსირებული სიგრძის მონაცემთა ელემენტები - ზოგადი ინფორმაცია |
| ფიქსირებული სიგრძის საკონტროლო ველი |
240703s2019 ge ||||| |||| 00| 0 geo d |
| 020 ## - წიგნის საერთაშორისო სტანდარტული ნომერი |
| International Standard Book Number |
9789941297366 |
| 041 ## - ენის კოდი |
| Language code of text/sound track or separate title |
geo |
| 080 ## - უნივერსალური ათობითი კლასიფიკაციის ინდექსი |
| Universal Decimal Classification number |
338.22(075.8)+005.511(075.8)ო-76 |
| 100 ## - მთავარი ჩანაწერი - პიროვნების სახელი |
| Personal name |
ოსტერვალდერი, ალექსანდერ, ავტორი. |
| 9 (RLIN) |
22694 |
| 245 ## - ცნობა სათაურის შესახებ |
| Title |
როგორ შევქმნათ ბიზნესმოდელი : |
| Remainder of title |
სახელმძღვანელო მათთვის, ვინც ოცნებობს, ცვლის თამაშის წესებს და რთულ ამოცანებს ისახავს / |
| Statement of responsibility, etc |
ავტორები: ალექსანდერ ოსტერვალდერი და ივ პინიე ; რედაქტორი და დამხმარე თანაავტორი ტიმ კლარკი ; მთარგმნელი მარიამ ზალდასტანიშვილი ; რედ. ზურაბ აბაშიძე ; წინასიტყვაობა სოსო გალუმაშვილი ; დიზაინი ალან სმითი ; ყდის დიზაინი მიაკო ნადირაძე. |
| 264 ## - წარმოების, გამოცემის, დისტრიბუციის და სხვა ცნობები |
| გამოცემის, წარმოების, დისტრიბუციის... ადგილი |
თბილისი : |
| გამოცემის, წარმოების, დისტრიბუციის... სახელწოდება |
პალიტრა L, |
| გამოცემის, წარმოების, დისტრიბუციის... თარიღი |
2019. |
| 300 ## - ფიზიკური აღწერა |
| Extent |
281 გვ. : |
| Other physical details |
ილ. ; |
| Dimensions |
19 სმ. |
| 440 ## - სერიის ცნობა / დამატებულია ჩანაწერი - სათაური |
| Title |
ლურჯი ოკეანე |
| 9 (RLIN) |
13234 |
| 500 ## - ზოგადი შენიშვნა |
| General note |
წიგნი გამოცემულია კომპანია "ჯეპრასთან" თანამშრომლობი |
| 504 ## - BIBLIOGRAPHY, ETC. NOTE |
| Bibliography, etc |
ბიბლიოგრ.: გვ. 276. |
| 653 ## - INDEX TERM--UNCONTROLLED |
| Uncontrolled term |
ბიზნესის დაგეგმვა |
| 653 ## - INDEX TERM--UNCONTROLLED |
| Uncontrolled term |
ეკონომიკა |
| 653 ## - INDEX TERM--UNCONTROLLED |
| Uncontrolled term |
მენეჯმენტი |
| 700 ## - ADDED ENTRY--PERSONAL NAME |
| Personal name |
ოსტერვალდერი,და ივ პინიე |
| 9 (RLIN) |
22695 |
| 700 ## - ADDED ENTRY--PERSONAL NAME |
| Personal name |
ზალდასტანიშვილი, მარიამ |
| Relator term |
მთარგმნელი |
| 9 (RLIN) |
22696 |
| 700 ## - ADDED ENTRY--PERSONAL NAME |
| Personal name |
აბაშიძე,ზურაბ და სხვ |
| Relator term |
რედაქტორი |
| 9 (RLIN) |
22697 |
| 942 ## - ADDED ENTRY ELEMENTS (KOHA) |
| Source of classification or shelving scheme |
|
| Koha item type |
წიგნი |